Statistics for 1975 year quiz

Click here to take the quiz!

General Stats

  • This quiz has been taken 55 times
    (35 since last reset)
  • The average score is 5 of 10

Answer Stats

HintAnswer% Correct
With a 'da-dum, da-dum, da-dum' this film scares people from the waterJaws
90%
This globally important waterway reopens after eight yearsThe Suez Canal
83%
A US helicopter's departure signals the imminent fall of this citySaigon
70%
This dictator dies, ushering a move to democracy under the kingFranco
60%
This group wins a southeast Asian civil war and begins a genocideThe Khmer Rouge
57%
Work starts on a controversial pipeline in this part of North AmericaAlaska
53%
Spain quits this North African territory, prompting decades of conflictWestern Sahara
43%
The king of this country is shot dead by his nephewSaudi Arabia
30%
This British nobleman goes on the run after a murderLord Lucan
27%
This terrorist kidnaps OPEC ministers in ViennaCarlos the Jackal
10%

Score Distribution

Percentile by Number Answered

Percent of People with Each Score

Your Score History

You have not taken this quiz since the last reset